=LDR 00000nam 2200000 4500 =001 NUTBA000000000003617 =005 20140822164340.0 =006 =007 =008 =020 ##$$a 978-979-010-082-1 =035 ##$$a 0010-081400000000462 =040 ##$$a NBPDMAT =082 ##$$a 372.7 =090 ##$$a 372.7 $b Nur m =100 ##$$a Nuraisah Hasibuan =245 ##$$a Matemagica / $c penulius Nuraisah Hasibuan ; editor, Imran Laha =260 ##$$a Jakarta : $b Bumi Aksara, $c 2009 =300 ##$$a 32 hlm. : $b ilus. ; $c 26 cm. =650 ##$$a Matematika-TK =990 ##$$a 21405807